00421nam a22001097a 4500008004100000020001500041082001600056100003500072245013900107260005600246300000900302230619b xxu||||| |||| 00| 0 eng d a9966926100 a015.67bKNL cKenya National LIbrary Service aKenya National Bibiliography 2004bKenya NAtional Library Service Nairobi, Kenya 2006cNational Reference & Bibiliographic Departments aNairobi,KenyabKenya National Library Servicec2006 a117p